000 00487nam a22001575i 4500
001 53242
003 ES-MaACL
007 t|
008 950911s1885 fr a ||||1| fre d
040 _aCAM
_bspa
_cCAM
100 1 _aDupouy, Edmond.
_946113
245 1 0 _aMédecine et moeurs de l'ancienne Rome d'après les poètes latins /
_cpar Edmond Dupouy.
260 _aParis :
_bJ.B. Baillière et Fils,
_c1885.
300 _aXVII, 430 p., [3] h. de lám. ;
_c19 cm.
852 _aES-MaACL
_jG-7403
999 _c53242
_d53242